Microbial Bioprocessing of Agri-food Wastes : Industrial Applications /
保存先:
| その他の著者: | |
|---|---|
| フォーマット: | 図書 |
| 言語: | 英語 |
| 出版事項: |
Boca Ratón, EUA :
CRC Press,
2023, c2023
|
| シリーズ: | (Advances and Applications in Biotechnology)
|
| 主題: | |
| オンライン・アクセス: | Ver documento en línea |
| タグ: |
タグなし, このレコードへの初めてのタグを付けませんか!
|
MARC
| LEADER | 00000nam^a2200000^a^4500 | ||
|---|---|---|---|
| 001 | 000579904 | ||
| 005 | 20251023000000.0 | ||
| 009 | 20260310132538.409 | ||
| 020 | |a 9781000838008 | ||
| 037 | |a Acervo ITESO - Biblioteca | ||
| 041 | |a ING | ||
| 082 | |a 660. 62 |b MIC | ||
| 245 | 0 | 0 | |a Microbial Bioprocessing of Agri-food Wastes : |b Industrial Applications / |c Ed. de G. Molina... [et al.]. |
| 264 | 4 | |a Boca Ratón, EUA : |b CRC Press, |c 2023, c2023 | |
| 264 | 2 | |a Birmingham, EUA : |b EBSCOhost [distribución], |c 2024 | |
| 300 | |a 1 libro electrónico en línea (VIII, 424 p.) | ||
| 300 | |a 1 recurso en línea | ||
| 336 | |a datos para computadora |b cod |2 rdacontenido | ||
| 337 | |a computadora |b c |2 rdamedio | ||
| 338 | |a recurso en línea |b cr |2 rdasoporte | ||
| 440 | 1 | |a (Advances and Applications in Biotechnology) | |
| 506 | 0 | |a Licencias ilimitadas | |
| 521 | |a 2024 BO Licenciatura en Ingeniería de Alimentos | ||
| 521 | |a 2024 BO Licenciatura en Ingeniería en Biotecnología | ||
| 649 | |a XX | ||
| 650 | |a Residuos Agrícolas | ||
| 650 | |a Desechos Orgánicos | ||
| 650 | |a Microbiología de Alimentos | ||
| 650 | |a Microbiología Industrial - |x Tema Principal | ||
| 650 | |a Biotecnología Microbiana - |x Tema Principal | ||
| 650 | |a Biotecnología de Alimentos | ||
| 650 | |a Biotecnología | ||
| 650 | |a Ingeniería Bioquímica | ||
| 650 | |a Ingeniería Química | ||
| 700 | |a Molina, Gustavo |e (edición) | ||
| 856 | 4 | 0 | |u https://ezproxy.iteso.mx/login?url=https://search.ebscohost.com/login.aspx?direct=true&scope=site&db=nlebk&db=nlabk&AN=3623027 |y Ver documento en línea |
| 910 | |a Fondo General | ||
| 920 | |a Electrónicos - Libros en Línea | ||
| 930 | |a Plataforma Digital | ||
| 905 | |a 205 | ||
| 901 | |a 579904-1 |b IT2 |c EBO |i C |u 20250521 | ||
| 902 | |a https://opac.biblio.iteso.mx/vufind/Record/000579904 | ||